| 000 | 00360nam a2200133Ia 4500 | ||
|---|---|---|---|
| 008 | 240624s9999 xx 000 0 und d | ||
| 041 | _aeng | ||
| 082 | _a658.155 CON | ||
| 100 | _aCONDAMIN LAURENT | ||
| 245 | _aRISK QUANTIFICATION MANAGEMENT DIAGNOSIS | ||
| 260 |
_c2006 _aNew York _bJohn Wiley & Sons |
||
| 300 | _axiv, : 271 : p. : cm. ; 25 | ||
| 365 |
_c _b27 |
||
| 999 |
_c20773 _d20773 |
||